000 01046nam0a22002891 4500
001 RU\NLR\INFOCOMM_253\5000016535
005 20250613093224.0
035 _a(NLR Aleph) 009196135
090 _a8660599
_c8660599
100 _a20100416d1981 |||y0rusy50 ca
101 1 _aeng
_crus
102 _aRU
105 _ay ||||000|y
200 1 _aˆThe ‰United States
_eThe prop. of reactionary regimes
_fPyotr Khlebnikov
210 _aΜ.
_c"Novosti" press agency publ. house
_d1981
215 _a156 с.
_d16 см
225 1 _aˆThe ‰Soviet viewpoint
300 _aВ вып. дан.: США : Опора на реакционные режимы / Петр Хлебников
607 _aСоединенные Штаты
_xВнешняя политика
_z20 в.
_2nlr_sh1
686 _aТ3(7США)63-601
_2rubbk
700 1 _9z02790
_aChlebnikov
_bP. P.
_gPetr Pavlovič
_4070
790 1 _9z02700
_aKhlebnikov
_bP.
_gPyotr
_4070
801 1 _aRU
_bNLR
_c20100416
801 0 _aRU
_bNLR
_gPSBO
852 _aNLR
_jИ97 Д-1/59
942 _cBOOK
980 _aNB